000 01087nam a2200301 i 4500
001 000047530
003 DO-SdBNP
005 20231229104725.0
006 a||||gr|||| 00| 0
007 ta
008 150326t2002 dr a 6 000 h spa d
020 _a9993430331
040 _aDO-SdBNP
_bspa
_cBNPHU
_erda
082 4 _bH673m
_222
100 1 _aPrida Busto, Juan Manuel
_96614
_eautor
245 1 0 _aHistoria de la moneda :
_borigen y evolución /
_cTexto, Juan Manuel Prida Busto ; ilustraciones, Daniel Ortega; edición, Salvador Rosa Diep.
264 _aSanto Domingo :
_bBanco Central de la República Dominicana
_c2002.
300 _a20 páginas :
_bIlustraciones ;
_c27 cm.
336 _2rdacontent
_atexto
_btxt
337 _2rdamedia
_asinmediación
_bn
338 _2rdacarrier
_avolumen
_bnc
490 _aFolletos Educativos ;
_v1
590 _aInventariado, 2023 / MF
700 1 _aOrtega, Daniel,
_eIlustrador
_975144
700 1 _aRosa Diep, Salvador,
_eeditor
_984751
830 0 _aColección del Banco Central de la República Dominicana ;
_n44
_975145
942 _2ddc
_cLF2
999 _c47018
_d47018